Radnica Čunovo

Enregistré dans:
Détails bibliographiques
Auteur principal: Soviarová, Nicolette (Auteur)
Autres auteurs: Kalesný, František (Directeur de thèse)
Format: Manuscrit Livre
Langue:slovaque
Publié: Bratislava 2021
Sujets:
Accès en ligne:http://is.stuba.sk/zp/portal_zp.pl?podrobnosti=145808
Tags: Ajouter un tag
Pas de tags, Soyez le premier à ajouter un tag!

MARC

LEADER 00000ntm a22000003a 4500
001 stuzp83861
003 SK-STU
005 20211109081607.8
007 ta
008 150427s2015----xo-----f-mn---000-0-slo-d
040 |a STU  |b slo 
041 0 |a slo 
100 1 |a Soviarová, Nicolette  |u 054140  |4 aut  |U FAD Fakulta architektúry a dizajnu  |T FAD Ústav konštrukcií v architektúre a inžinierskych stavieb  |X 93623  |U A4140  |Y 395  |7 93623 
242 0 1 |a Town Hall, Čunovo  |y eng 
245 1 0 |a Radnica Čunovo 
260 |c 2021  |a Bratislava 
650 4 |a Radnica  |2 slo 
650 4 |a Čuňovo  |2 slo 
650 4 |a Administratíva  |2 slo 
650 4 |a townhall  |2 eng 
650 4 |a čunovo  |2 eng 
650 4 |a administrative  |2 eng 
700 1 |a Kalesný, František  |u 054140  |k Z1  |4 ths  |U FAD Fakulta architektúry a dizajnu  |T FAD Ústav konštrukcií v architektúre a inžinierskych stavieb  |X 400  |U A4140  |Y 395  |7 A000000400 
856 4 |u http://is.stuba.sk/zp/portal_zp.pl?podrobnosti=145808  |u https://opac.crzp.sk/?fn=detailBiblioForm&sid=6327E39BEACEDA03090405820365